| 000 | 00476nam a2200193Ia 4500 | ||
|---|---|---|---|
| 003 | OSt | ||
| 005 | 20250822160221.0 | ||
| 008 | 250729s2005 xx 000 0 und d | ||
| 020 | _a978-8171415007 | ||
| 040 | _cAL | ||
| 041 | _aeng | ||
| 082 | _a370.15 PANA | ||
| 100 |
_aPanda B N _9221902 |
||
| 245 | _aAdvanced educational psychology | ||
| 260 |
_aNew Delhi _bDiscovery Publishing House _c2005 |
||
| 300 | _a314p | ||
| 650 |
_aPsychology _9221903 |
||
| 942 |
_2ddc _cBED |
||
| 999 |
_c235220 _d235220 |
||